Low risk profits in high risk times

Bibliographic Details
Main Author: Kinsman, Robert
Format: Book
Published: Illinois : Dow Jones-Irwin , 1985
Subjects:

MARC

LEADER 00000cam a2200000 7i4500
001 0000000403
005 20021120.0
020 |a 0870943790 
040 |a INS 
090 0 0 |a HG4527.   |b K53 1985 
100 1 |a Kinsman, Robert 
245 1 0 |a Low risk profits in high risk times   |c Robert Kinsman 
260 |a Illinois :   |b Dow Jones-Irwin ,   |c 1985 
300 |a xix, 318p. ;   |c 24 cm. 
500 |a Includes index(the library has two copies) 
650 0 0 |a Probabilities 
650 0 0 |a Property   |x Valuation 
999 |a 0000002103   |b BOOK   |c Open Shelf   |e Default branch 
999 |a 0000002189   |b BOOK   |c Open Shelf   |e Default branch